<?xml version="1.0" encoding="UTF-8"?>
<record
    xmlns:xsi="http://www.w3.org/2001/XMLSchema-instance"
    xsi:schemaLocation="http://www.loc.gov/MARC21/slim http://www.loc.gov/standards/marcxml/schema/MARC21slim.xsd"
    xmlns="http://www.loc.gov/MARC21/slim">

  <leader>01116cam a2200289 a 4500</leader>
  <controlfield tag="001">000019727</controlfield>
  <controlfield tag="005">20200929170122.0</controlfield>
  <controlfield tag="008">790619s1976    cu abh   b    000 0dspa d</controlfield>
  <datafield tag="040" ind1=" " ind2=" ">
    <subfield code="a">DO-SdBNP</subfield>
    <subfield code="c">DLC</subfield>
    <subfield code="d">DLC</subfield>
    <subfield code="d">BNPHU</subfield>
  </datafield>
  <datafield tag="043" ind1=" " ind2=" ">
    <subfield code="a">nwcu---</subfield>
  </datafield>
  <datafield tag="082" ind1=" " ind2=" ">
    <subfield code="a">nnnn</subfield>
    <subfield code="b">J27b</subfield>
  </datafield>
  <datafield tag="100" ind1="1" ind2=" ">
    <subfield code="a">James, Ariel,</subfield>
    <subfield code="d">1944-</subfield>
    <subfield code="9">42188</subfield>
  </datafield>
  <datafield tag="245" ind1="1" ind2="0">
    <subfield code="a">Banes :</subfield>
    <subfield code="b">imperialismo y naci&#xF3;n en una plantaci&#xF3;n azucarera /</subfield>
    <subfield code="c">Ariel James ; edici&#xF3;n de Mar&#xED;a Antonieta Juli&#xE1;.</subfield>
  </datafield>
  <datafield tag="260" ind1=" " ind2=" ">
    <subfield code="a">La Habana :</subfield>
    <subfield code="b">Ciencias Sociales,</subfield>
    <subfield code="c">1976.</subfield>
  </datafield>
  <datafield tag="300" ind1=" " ind2=" ">
    <subfield code="a">315 p., [316-351] p. :</subfield>
    <subfield code="b">ill., fasc., mapas ;</subfield>
    <subfield code="c">18 cm.</subfield>
  </datafield>
  <datafield tag="490" ind1="1" ind2=" ">
    <subfield code="a">Nuestra historia</subfield>
  </datafield>
  <datafield tag="500" ind1=" " ind2=" ">
    <subfield code="a">Autobiografiado por el autor</subfield>
  </datafield>
  <datafield tag="504" ind1=" " ind2=" ">
    <subfield code="a">Bibliograf&#xED;a: p. 309-315</subfield>
  </datafield>
  <datafield tag="650" ind1=" " ind2="0">
    <subfield code="a">Sugar trade</subfield>
    <subfield code="z">Cuba</subfield>
    <subfield code="z">Banes (Holguin{Rpara}</subfield>
    <subfield code="x">History.</subfield>
    <subfield code="9">42189</subfield>
  </datafield>
  <datafield tag="650" ind1=" " ind2="0">
    <subfield code="a">Plantations</subfield>
    <subfield code="z">Cuba</subfield>
    <subfield code="z">Banes (Holguin{Rpara}</subfield>
    <subfield code="x">History.</subfield>
    <subfield code="9">42190</subfield>
  </datafield>
  <datafield tag="650" ind1=" " ind2="0">
    <subfield code="a">Investments, american</subfield>
    <subfield code="z">Cuba</subfield>
    <subfield code="z">Banes (Holguin{Rpara}</subfield>
    <subfield code="x">History.</subfield>
    <subfield code="9">42191</subfield>
  </datafield>
  <datafield tag="610" ind1="2" ind2="0">
    <subfield code="a">United Fruit Company</subfield>
    <subfield code="x">History.</subfield>
    <subfield code="9">42192</subfield>
  </datafield>
  <datafield tag="700" ind1="1" ind2=" ">
    <subfield code="a">Juli&#xE1;, Mar&#xED;a Antonieta,</subfield>
    <subfield code="e">ed.</subfield>
    <subfield code="9">42193</subfield>
  </datafield>
  <datafield tag="830" ind1=" " ind2="0">
    <subfield code="a">Nuestra historia</subfield>
    <subfield code="9">22356</subfield>
  </datafield>
  <datafield tag="910" ind1=" " ind2=" ">
    <subfield code="a">Catalogaci&#xF3;n derivada / LC</subfield>
  </datafield>
  <datafield tag="049" ind1=" " ind2=" ">
    <subfield code="a">BNGR</subfield>
  </datafield>
  <datafield tag="952" ind1=" " ind2=" ">
    <subfield code="0">0</subfield>
    <subfield code="1">0</subfield>
    <subfield code="5">4</subfield>
    <subfield code="7">0</subfield>
    <subfield code="8">MO</subfield>
    <subfield code="a">GR</subfield>
    <subfield code="b">GR</subfield>
    <subfield code="c">CT</subfield>
    <subfield code="d">2010-07-05</subfield>
    <subfield code="i">LF1</subfield>
    <subfield code="l">0</subfield>
    <subfield code="o">nnnn J27b</subfield>
    <subfield code="p">19727-10</subfield>
    <subfield code="r">2020-06-25</subfield>
    <subfield code="w">2020-06-25</subfield>
    <subfield code="y">4</subfield>
    <subfield code="Z">Pr&#xE9;stamo en sala</subfield>
  </datafield>
  <datafield tag="999" ind1=" " ind2=" ">
    <subfield code="c">19241</subfield>
    <subfield code="d">19241</subfield>
  </datafield>
</record>
